000 01116nas a2200325 4500
001 BR2015001874
003 BR-BrBNA
005 20231205125154.0
007 ta
008 230509b bl.|||p| |||| 00| 00por d
040 _aBR-BrBNA
_bpor
_cBiblioteca Nacional de Agricultura
041 _a(En)
072 _aH10; Q04
100 1 _aPradella, J.G. da C.
100 1 _aTaciro, M.K.
100 1 _aBarral, M.F.
100 1 _aUrenha, L.C.
100 1 _aSanchez, C.R.
100 1 _aSilva, S.R. da
100 1 _aSouza, G.M. de A.
245 1 _aCultivation of Bacillus thuringiensis subsp. Kurstaki S93 in a fed-Batch process: effect of the ratio glucose to yeast extract concentrations in the feeding culture media
500 _aXII Sinaferm (Uberlândia, August 1998)- Selected papers
650 _aPRAGA DE PLANTA
650 _aINSETICIDA
650 _aCONTROLE BIOLOGICO
650 _aMEIO DE CULTURA
773 0 _tBrazilian Journal of Microbiology (Brazil)
_xISSN 1517-8382
_g(Oct 2000), v. 31(1)supl. p. 67-72
_wBR2015001874
909 _a202311
_bLúcia
_c55
_dLúcia Elande
942 _2AGRIS
_n0
_cANA
999 _c243027
_d243027